00660nam a2200241 a 4500001001300000003000900013005001700022008004100039020001000080082001500090100002000105245002300125260002800148300000900176500003500185505001500220650001800235700002000253902000800273942000700281952011500288999001500403nice12345678IN_TiNIC20260116011721.0050524s0000 dela grp 000 0 urd  ac10000a954.2bASH aAshiq, Abdullah aBaharistan-E-Awadh aDelhibFaiz Pressc0000 a156p aincludes index and biblioraphy2 aPeriodical aAwadh-History1 aAshiq, Abdullah bRBA cBK 001040708RareBook->aHMIbHMId2007-04-10g100.00l0o954.2 ASHp06871r2007-04-10v100.00w2005-05-24yBK c3520d3520